Patriotism and other mistakes /

Bibliographic Details
Main Author: Kateb, George
Format: Book
Language:English
Published: New Haven : Yale University Press, [2006]
Subjects:

MARC

Tag First Indicator Second Indicator Subfields
LEADER 00000cam a22000004a 4500
001 in00002161521
005 20151103161759.0
008 060524s2006 ctu b 001 0 eng
010 |a  2006047369 
020 |a 0300120494 (cloth : alk. paper) 
020 |a 9780300120493 (cloth : alk. paper) 
035 |a (OCoLC)ocm69594104 
040 |a DLC  |c DLC  |d BAKER  |d YUS  |d C#P  |d TXA  |d UtOrBLW 
042 |a pcc 
049 |a TXAM 
050 0 0 |a JA74.5  |b .K377 2006 
082 0 0 |a 320.01/9  |2 22 
100 1 |a Kateb, George. 
245 1 0 |a Patriotism and other mistakes /  |c George Kateb. 
264 1 |a New Haven :  |b Yale University Press,  |c [2006] 
264 4 |c ©2006 
300 |a xxxv, 422 pages ;  |c 25 cm. 
336 |a text  |b txt  |2 rdacontent 
337 |a unmediated  |b n  |2 rdamedia 
338 |a volume  |b nc  |2 rdacarrier 
504 |a Includes bibliographical references and index. 
650 0 |a Political psychology. 
650 0 |a Political ethics. 
994 |a C0  |b TXA 
948 |a cataloged  |b h  |c 2006/11/28  |d c  |e blrosas  |f 3:48:15 pm 
999 |a MARS 
999 f f |s 466dda74-dcf2-3b5d-9099-e5bbd51da25f  |i 2406a14a-ab6a-373c-9910-195451bc4689  |t 0 
952 f f |p ric  |a Texas A&M University  |b Rellis Campus  |c Joint Library Facility  |d Remote Storage  |t 0  |e JA74.5 .K377 2006  |h Library of Congress classification  |i unmediated -- volume  |m A14834983130 
998 f f |a JA74.5 .K377 2006  |t 0  |l Remote Storage